| 000 | 02272cam a22002891i 4500 | ||
|---|---|---|---|
| 003 | SA-RiAUC | ||
| 005 | 20250207163136.0 | ||
| 008 | 250206s1979 le g b 000r0 ara c | ||
| 040 |
_aSA-RiAUC _bara _cSA-RiAUC _erda |
||
| 082 | 0 | 4 |
_a413 _qSA-RiAUC |
| 090 |
_a413 _bا ب ن ف |
||
| 100 | 1 |
_aابن فارس، أحمد بن فارس بن زكرياء، _d329-395 هجري _eمؤلف. |
|
| 245 | 1 | 0 |
_aمعجم مقاييس اللغة / _cأبي الحسين أحمد بن فارس بن زكريا ؛ بتحقيق وضبط عبد السلام محمد هارون. |
| 264 | 1 |
_aبيروت : _bدار الفكر، _c1979 |
|
| 300 |
_a6 مجلد ؛ _c24 سم |
||
| 336 |
_aنص _btxt _2rdacontent _3كتاب |
||
| 337 |
_aبدون وسيط _bn _2rdamedia |
||
| 338 |
_aمجلد _bnc _2rdacarrier |
||
| 504 | _aيشتمل على إرجاعات ببليوجرافية. | ||
| 650 | 7 |
_aاللغة العربية _vمعاجم _2aucsh |
|
| 650 | 7 |
_aاللغة العربية _xاشتقاق _2aucsh |
|
| 700 | 1 |
_aهارون، عبد السلام محمد، _d1909-1988 _eمحقق. |
|
| 856 |
_uhttp://saaid.net/book/open.php?cat=126&book=1005 _yExternal Link _2 نرجو الانتباه لإمكانية وجود اختلاف في الطبعة أو الناشر بين البيانات على البوابة وما ستجده على الكتاب نظرا لمحدودية المعلومات المتاحة على الموقع الناشر للمادة. _3Please note that there may be a difference in the edition or publisher between the data on the portal and the book due to the limited information available on the publisher website for the material. |
||
| 856 |
_uhttp://www.saaid.net/book/2/479.zip _yDigital Copy _2 نرجو الانتباه لإمكانية وجود اختلاف في الطبعة أو الناشر بين البيانات على البوابة وما ستجده على الكتاب نظرا لمحدودية المعلومات المتاحة على الموقع الناشر للمادة. _3Please note that there may be a difference in the edition or publisher between the data on the portal and the book due to the limited information available on the publisher website for the material. |
||
| 942 |
_2ddc _cBOOK _n0 |
||
| 949 |
_aSA-JeALM _d250206 _uosman123 _n1 |
||
| 999 |
_c5706 _d5706 |
||